000 00712nam a22002297a 4500
005 20141030164549.0
010 _aENG-111094
020 _c170.00
_a9788123771113
020 _c170.00
_a8123771118
035 _aEN-94626
037 _bDBAD/PUB
082 _a921
100 _aDeshmukh, Chintamani
245 _aHomi Jehangir Bhabha /
_cby Chintamani Deshmukh
250 _arev. ed
260 _aNew Delhi
_bNational Book Trust
_c2014
270 _bNew Delhi
_e110070
_aNehru Bhawan, 5, Institutional Area, Phase-II, Vasant Kunj
300 _axii,138p. :
_c22cm(pbk)
_bill.
490 _aNational biography
500 _aIncludes bibliographical references
942 _2ddc
_cEN
_mBHA
_h921
999 _c89741
_d89741